Nomme le kpop groupe avec la couverture d'un album - Statistiques

Statistiques générales
  • Ce quiz a été pris 855 fois
  • Le résultat moyen est 10 sur 16
Statistiques - réponses
Par images Réponse % Correct
Blackpink
99%
BTS
92%
LE SSERAFIM
87%
ENHYPEN
86%
Ateez
83%
G-IDLE
82%
TXT
79%
Red Velvet
78%
Seventeen
57%
NCT 127
43%
Mamamoo
39%
STAYC
39%
Dreamcatcher
36%
DAY6
26%
Treasure
26%
Fromis_9
16%
Aucun quiz correspondant
Distribution des résultats
% des personnes avec chaque résultat
Percentile par nombre de réponses
Votre historique - résultats
Vous n’avez pas pris ce quiz